[Event "2. Bundesliga West 2004/2005"]
[Site "?"]
[Date "2005.03.04"]
[Round "9"]
[White "Fuchs, Stefan"]
[Black "Heilinger, Dietmar"]
[Result "0-1"]
[WhiteElo "2106"]
[BlackElo "2167"]
[PlyCount "95"]
[EventDate "2005.??.??"]

1. c4 e5 2. g3 g6 3. Bg2 Bg7 4. Nc3 Ne7 5. e4 Nbc6 6. Nge2 d6 7. d3 Bg4 8. h3
Be6 9. Nd5 h6 10. O-O O-O 11. Kh2 Bxd5 12. cxd5 Nd4 13. Nxd4 exd4 14. f4 f5 15.
Qb3 Rb8 16. Bd2 Kh7 17. Qa4 a6 18. Ba5 b6 19. Be1 a5 20. Rc1 Rc8 21. Bf2 Qe8
22. Qb3 Qd8 23. Rc4 fxe4 24. dxe4 c5 25. dxc6 Rxc6 26. Bxd4 Rxc4 27. Qxc4 Bxd4
28. Qxd4 Qc7 29. Rd1 Nc8 30. h4 Re8 31. Rd2 Qb7 32. e5 dxe5 33. fxe5 Qc7 34.
Bh3 Ne7 35. e6 Qc5 36. Qf6 Rg8 37. Rd7 Rg7 38. Bg2 Qf5 39. Qxf5 gxf5 40. Rb7
Nc8 41. Rd7 Ne7 42. h5 Ng8 43. Bh3 Ne7 44. Rb7 Kh8 45. Rxb6 f4 46. gxf4 Nd5 47.
Rb8+ Rg8 48. Rb5 0-1

[Event "2. Bundesliga West 2004/2005"]
[Site "?"]
[Date "2005.03.04"]
[Round "9"]
[White "Heinzl, Olaf"]
[Black "Volke, Karsten"]
[Result "0-1"]
[WhiteElo "2402"]
[BlackElo "2483"]
[PlyCount "84"]
[EventDate "2005.??.??"]
[SourceDate "2005.03.05"]

1. g3 e5 2. Bg2 h5 3. h4 Bc5 4. e3 Nc6 5. Ne2 d6 6. d4 Bb6 7. Na3 Bg4 8. f3 Bd7
9. Nc4 Qf6 10. d5 Nce7 11. Nxb6 axb6 12. Qd3 Qg6 13. Qxg6 Nxg6 14. e4 f5 15. f4
Nf6 16. fxe5 Nxe5 17. exf5 Bxf5 18. Nd4 Be4 19. Bxe4 Nxe4 20. Ne6 Kd7 21. Bf4
Ra5 22. Bxe5 dxe5 23. c4 c6 24. O-O cxd5 25. cxd5 Rxd5 26. Nxg7 Nxg3 27. Rf7+
Kc6 28. Re1 Rh6 29. Ne8 Rg6 30. a4 Kc5 31. Nc7 Ne4+ 32. Kf1 Ng3+ 33. Kg1 Ne4+
34. Kf1 Rd4 35. b3 Nd2+ 36. Kf2 Ne4+ 37. Kf1 Kb4 38. Nb5 Nd2+ 39. Kf2 Rxh4 40.
Rxe5 Rh2+ 41. Ke3 Rg3+ 42. Kd4 Nf3+ 0-1

[Event "2. Bundesliga West 2004/2005"]
[Site "?"]
[Date "2005.03.04"]
[Round "9"]
[White "Fürlinger, Harald"]
[Black "Mira, Helene"]
[Result "0-1"]
[WhiteElo "2074"]
[BlackElo "2144"]
[PlyCount "62"]
[EventDate "2005.??.??"]
[SourceDate "2005.03.06"]

1. d4 d6 2. c4 e5 3. Nf3 e4 4. Ng5 f5 5. g3 Be7 6. h4 Nc6 7. Bg2 Bf6 8. Be3 Nh6
9. f3 exf3 10. Bxf3 O-O 11. Nc3 Re8 12. Qd2 Rxe3 13. Qxe3 Bxd4 14. Qd3 Nb4 15.
Qd2 Qf6 16. Nd5 Nxd5 17. Bxd5+ Kh8 18. O-O-O Be5 19. Rhg1 c6 20. Bh1 Be6 21. b3
a5 22. Nf3 Nf7 23. Nxe5 Qxe5 24. Qd4 a4 25. Qxe5 dxe5 26. Kb2 g6 27. e4 Kg7 28.
Bf3 Kf6 29. g4 f4 30. g5+ Ke7 31. Rd2 c5 0-1

[Event "2. Bundesliga West 2004/2005"]
[Site "?"]
[Date "2005.03.04"]
[Round "9"]
[White "Fuchs, Georg"]
[Black "Weindl, Alfred"]
[Result "0-1"]
[WhiteElo "2281"]
[BlackElo "2354"]
[PlyCount "88"]
[EventDate "2005.??.??"]
[SourceDate "2005.03.06"]

1. e4 c5 2. Nf3 Nc6 3. d4 cxd4 4. Nxd4 Nf6 5. Nc3 d6 6. Be2 e6 7. Be3 Be7 8. g4
d5 9. exd5 Nxd5 10. Nxd5 exd5 11. O-O O-O 12. c3 Bd6 13. f4 Re8 14. Qd3 Qe7 15.
Nc2 d4 16. cxd4 Nb4 17. Nxb4 Qxe3+ 18. Qxe3 Rxe3 19. Kf2 Rxe2+ 20. Kxe2 Bxg4+
21. Kf2 Bxb4 22. Kg3 Bf5 23. Rac1 Bd6 24. h4 h5 25. Rf3 Re8 26. Rb3 Re7 27.
Rcc3 g6 28. Re3 Be4 29. Rbc3 f5 30. Rc8+ Kf7 31. Rh8 Ke6 32. Rg8 Kf7 33. Rh8
Kg7 34. Rc8 Bc7 35. Rc3 Bb6 36. Rb8 Bc6 37. d5 Bxd5 38. Rcc8 Re3+ 39. Kh2 Re2+
40. Kh3 Re3+ 41. Kh2 Rf3 42. Re8 Rxf4 43. Kg3 Rg4+ 44. Kh3 Bg2+ 0-1

[Event "2. Bundesliga West 2004/2005"]
[Site "?"]
[Date "2005.03.04"]
[Round "9"]
[White "Pöttinger, Harald"]
[Black "Kondrak, Christof"]
[Result "1-0"]
[WhiteElo "2259"]
[BlackElo "2189"]
[PlyCount "125"]
[EventDate "2005.??.??"]

1. g3 d5 2. Bg2 Nf6 3. d3 e6 4. f4 Be7 5. Nf3 b6 6. Nc3 Bb7 7. e4 dxe4 8. Ng5
Bb4 9. Bd2 Nd5 10. Ngxe4 Bxc3 11. bxc3 f5 12. Ng5 Ne3 13. Bxe3 Bxg2 14. Nxe6
Qe7 15. Kf2 Qxe6 16. Kxg2 O-O 17. Qf3 Nd7 18. Rhe1 Qf7 19. c4 c5 20. Bd2 Rfe8
21. Rxe8+ Rxe8 22. Re1 Rxe1 23. Bxe1 Qe8 24. Bc3 Nf8 25. Qd5+ Qe6 26. Qxe6+
Nxe6 27. Kf3 Kf7 28. Ke3 g6 29. Be5 Nf8 30. d4 Ke7 31. d5 Kd8 32. Kf3 Ke7 33.
Kg2 a6 34. a4 Kd8 35. Kh3 Ke7 36. Kh4 Kf7 37. Kg5 Nd7 38. Kh6 Kg8 39. h4 Nf8
40. h5 Kf7 41. Bg7 Nd7 42. Kxh7 gxh5 43. Kh6 b5 44. cxb5 axb5 45. axb5 Nb6 46.
Be5 Nxd5 47. c4 Nb6 48. Bd6 Ke6 49. Bxc5 Nxc4 50. Kxh5 Nd2 51. Bf2 Ne4 52. Be1
Nd6 53. b6 Kd7 54. Kg6 Kc6 55. Bf2 Ne4 56. Kxf5 Nxf2 57. g4 Nh1 58. Ke6 Nf2 59.
g5 Nd3 60. f5 Nc5+ 61. Ke7 Ne4 62. g6 Nd6 63. Ke6 1-0

[Event "2. Bundesliga West 2004/2005"]
[Site "?"]
[Date "2005.03.04"]
[Round "9"]
[White "Hengl, Christian"]
[Black "Eybl, Alexander"]
[Result "1-0"]
[WhiteElo "2220"]
[BlackElo "2259"]
[PlyCount "89"]
[EventDate "2005.??.??"]
[SourceDate "2005.03.06"]

1. e4 c5 2. Nc3 Nc6 3. g3 g6 4. Bg2 Bg7 5. d3 d6 6. f4 Nf6 7. Nf3 O-O 8. O-O
Rb8 9. h3 b5 10. g4 b4 11. Ne2 c4 12. Ng3 cxd3 13. cxd3 Ba6 14. Be3 Nd7 15. Rf2
b3 16. axb3 Nb4 17. Bf1 Qc7 18. d4 Bxf1 19. Nxf1 Rfc8 20. Ne1 Qb7 21. Ng3 a6
22. Rd2 Nf6 23. Qf3 d5 24. e5 Ne4 25. Nxe4 dxe4 26. Qg2 Qd5 27. f5 Nc6 28. Rc1
Na5 29. Rdc2 Rxc2 30. Qxc2 Nxb3 31. Qc6 Qxc6 32. Rxc6 a5 33. Nc2 gxf5 34. gxf5
Kf8 35. f6 exf6 36. exf6 Bh8 37. Bf4 Rd8 38. Be5 Ke8 39. Kf2 Kd7 40. Rc7+ Ke6
41. Ke3 Rd7 42. Rc8 Bxf6 43. Rc6+ Kd5 44. Rxf6 Nc5 45. Kd2 1-0

[Event "2. Bundesliga West 2004/2005"]
[Site "?"]
[Date "2005.03.04"]
[Round "9"]
[White "Jacob, Volker"]
[Black "Luther, Thomas"]
[Result "0-1"]
[WhiteElo "2280"]
[BlackElo "2533"]
[PlyCount "88"]
[EventDate "2005.??.??"]
[SourceDate "2005.03.06"]

1. d4 Nf6 2. c4 e6 3. Nc3 Bb4 4. Bg5 c5 5. d5 d6 6. e3 exd5 7. cxd5 Nbd7 8. Bd3
Qa5 9. Nge2 Bxc3+ 10. bxc3 Nxd5 11. O-O c4 12. Bf5 O-O 13. e4 Nxc3 14. Nxc3
Qxc3 15. Rc1 Qe5 16. Rxc4 Nb6 17. f4 Qb5 18. Rxc8 Raxc8 19. Qh5 g6 20. Qh6 f6
21. Bxg6 Rc7 22. Bxf6 Rxf6 23. Bxh7+ Rxh7 24. Qxf6 Nd7 25. Qxd6 Qc5+ 26. Qxc5
Nxc5 27. e5 Rd7 28. Rc1 b6 29. Rc2 Kf7 30. f5 Rd4 31. h3 Re4 32. e6+ Kf6 33. g4
Re3 34. Kg2 Kg5 35. Rd2 Ne4 36. Rd8 Kf4 37. e7 Re2+ 38. Kf1 Ng3+ 39. Kg1 Rxe7
40. Rd4+ Ne4 41. Kg2 Rc7 42. Ra4 b5 43. Ra6 b4 44. Ra4 Rc2+ 0-1

[Event "2.Bundesliga  West 2004/2005"]
[Site "?"]
[Date "2005.03.04"]
[Round "9"]
[White "Jenul, Reinhold"]
[Black "Lawitsch, Günther"]
[Result "1/2-1/2"]
[WhiteElo "2119"]
[BlackElo "2230"]
[PlyCount "100"]
[EventDate "2005.??.??"]

1. d4 d5 2. Nf3 Nf6 3. c4 c6 4. Nc3 dxc4 5. a4 Bf5 6. e3 e6 7. Bxc4 Bb4 8. O-O
Nbd7 9. Qb3 Qb6 10. h3 Be7 11. Rd1 h6 12. a5 Qxb3 13. Bxb3 a6 14. Nd2 e5 15. d5
Nc5 16. Bc4 cxd5 17. Nxd5 Nxd5 18. Bxd5 Rd8 19. e4 Be6 20. Bxe6 Nxe6 21. Rf1
Rd4 22. f3 Bb4 23. Nb1 Rd3 24. Ra4 Rb3 25. Nc3 Bxc3 26. bxc3 O-O 27. Rb4 Rxb4
28. cxb4 Rc8 29. Bb2 f6 30. Rc1 Rd8 31. Rc2 Rd1+ 32. Kf2 Kf7 33. Ke2 Rd7 34. g3
Ke8 35. h4 g5 36. hxg5 hxg5 37. Rc8+ Kf7 38. Rc1 Kg6 39. Ke3 Rh7 40. Rc2 Rh3
41. Rg2 Rh1 42. Rd2 Re1+ 43. Kf2 Rb1 44. Ke3 Kf7 45. Kd3 Rg1 46. g4 Rh1 47. Kc4
Ke7 48. b5 Nd4 49. bxa6 bxa6 50. Bxd4 exd4 1/2-1/2

[Event "2.Bundesliga  West 2004/2005"]
[Site "?"]
[Date "2005.03.04"]
[Round "9"]
[White "Kerber, Alfred"]
[Black "Kranewitter, Norbert"]
[Result "0-1"]
[WhiteElo "1924"]
[BlackElo "2138"]
[PlyCount "58"]
[EventDate "2005.??.??"]

1. e4 c5 2. b4 cxb4 3. a3 e5 4. Bb2 Nc6 5. Nf3 Qc7 6. Bc4 Nf6 7. O-O d6 8. Qe2
Be7 9. axb4 Nxb4 10. d4 Nc6 11. Bxf7+ Kxf7 12. Qc4+ Kf8 13. dxe5 dxe5 14. Rd1
b5 15. Qb3 Nxe4 16. Nbd2 Nc5 17. Qe3 Bg4 18. Re1 Bd6 19. h3 Bxf3 20. Nxf3 Re8
21. Rad1 h5 22. Nh4 Ne7 23. Ba3 Nb7 24. Qf3+ Kg8 25. Qb3+ Kh7 26. Qd3+ g6 27.
Bxd6 Nxd6 28. Rxe5 Ndf5 29. Nxf5 Qxe5 0-1

[Event "2.Bundesliga  West 2004/2005"]
[Site "?"]
[Date "2005.03.04"]
[Round "9"]
[White "Dür, Werner"]
[Black "Egartner, Wolfgang"]
[Result "1-0"]
[WhiteElo "2264"]
[BlackElo "2128"]
[PlyCount "55"]
[EventDate "2005.??.??"]

1. d4 d5 2. Nf3 c6 3. c4 e6 4. e3 Nf6 5. Bd3 dxc4 6. Bxc4 c5 7. O-O Nc6 8. Qe2
cxd4 9. Rd1 Be7 10. exd4 O-O 11. Nc3 Nb4 12. Ne5 Nbd5 13. Bg5 Nd7 14. Bd2 N7f6
15. Rac1 Bd7 16. Bg5 Nxc3 17. bxc3 Re8 18. Bd3 g6 19. Bxf6 Bxf6 20. Nxd7 Qxd7
21. Bb5 Qc7 22. Bxe8 Rxe8 23. c4 Rd8 24. d5 Bg5 25. Rc2 Rd6 26. Qe5 f6 27. Qe2
Qd8 28. c5 1-0

[Event "2.Bundesliga  West 2004/2005"]
[Site "?"]
[Date "2005.03.04"]
[Round "9"]
[White "Teske, Henrik"]
[Black "Sandner, Günther"]
[Result "1-0"]
[WhiteElo "2542"]
[BlackElo "2327"]
[PlyCount "47"]
[EventDate "2005.??.??"]

1. Nf3 Nf6 2. c4 g6 3. d4 Bg7 4. Nc3 O-O 5. g3 d6 6. Bg2 Nbd7 7. O-O e5 8. Qc2
exd4 9. Nxd4 a6 10. Rd1 Rb8 11. Bf4 Re8 12. Nd5 Nh5 13. Be3 Ne5 14. h3 c5 15.
Nf3 Nxf3+ 16. Bxf3 Bxh3 17. Bxh5 gxh5 18. Qd2 Qc8 19. Bh6 Qf5 20. Bxg7 Kxg7 21.
Nf4 h4 22. Qc3+ f6 23. Rxd6 Re5 24. e4 1-0

[Event "2.Bundesliga  West 2004/2005"]
[Site "?"]
[Date "2005.03.04"]
[Round "9"]
[White "Jannasch, Franz"]
[Black "Hosp, Reinhard"]
[Result "1-0"]
[WhiteElo "2180"]
[BlackElo "2131"]
[PlyCount "103"]
[EventDate "2005.??.??"]

1. d4 d5 2. Nc3 c6 3. e4 dxe4 4. Nxe4 e6 5. Nf3 Nd7 6. Bd3 Qc7 7. O-O Ngf6 8.
c4 Nxe4 9. Bxe4 Nf6 10. Bc2 Be7 11. Ne5 O-O 12. Qd3 g6 13. Bf4 Qb6 14. b3 Rd8
15. Rad1 Qa5 16. Qf3 Kg7 17. Bg5 Rf8 18. Qf4 Ng8 19. Bxe7 Nxe7 20. Rd3 Ng8 21.
Rh3 Qd8 22. Rd1 Qf6 23. Qe3 Qe7 24. Qe4 f5 25. Qf4 Bd7 26. Re3 Nf6 27. Rde1 Nh5
28. Qf3 Rae8 29. Qd1 Nf6 30. Qa1 Kg8 31. Qc3 Qd6 32. b4 Bc8 33. c5 Qe7 34. Bb3
Qg7 35. a4 a6 36. Bc4 Nd5 37. Bxd5 exd5 38. b5 axb5 39. axb5 f4 40. R3e2 f3 41.
Nxf3 Rxe2 42. Rxe2 Bg4 43. bxc6 Bxf3 44. gxf3 bxc6 45. Re6 Qb7 46. Qe3 Qf7 47.
Kg2 Rc8 48. Re7 Qf6 49. h3 h6 50. h4 Kf8 51. Re6 Qxh4 52. Rxg6 1-0

[Event "2.Bundesliga  West 2004/2005"]
[Site "?"]
[Date "2005.03.06"]
[Round "9"]
[White "Webersberger, Johann"]
[Black "Feistenauer, Fred"]
[Result "1-0"]
[WhiteElo "2233"]
[BlackElo "2284"]
[PlyCount "46"]
[EventDate "2005.??.??"]

1. e4 d5 2. exd5 Nf6 3. Nf3 Nxd5 4. d4 g6 5. c3 Bg7 6. Bd3 O-O 7. O-O c5 8.
dxc5 Na6 9. Bc4 Ndc7 10. Be3 Be6 11. Qb3 Qc8 12. Nbd2 Bxc4 13. Qxc4 e5 14. b4
Ne6 15. Ne4 Qc7 16. Rad1 Rad8 17. Nfg5 Nxg5 18. Bxg5 Rxd1 19. Rxd1 Nb8 20. Rd6
h6 21. Rxg6 Kh7 22. Nf6+ Kh8 23. Rxh6+ Bxh6 1-0

[Event "2.Bundesliga  West 2004/2005"]
[Site "?"]
[Date "2005.03.04"]
[Round "9"]
[White "Kelevcevic, Nedelj"]
[Black "Bayer, Bernhard"]
[Result "1-0"]
[WhiteElo "2398"]
[BlackElo "2300"]
[PlyCount "97"]
[EventDate "2005.??.??"]

1. d4 Nf6 2. c4 e6 3. Nc3 Bb4 4. e3 O-O 5. Nge2 d5 6. a3 Be7 7. Ng3 c5 8. dxc5
Bxc5 9. b4 Bd6 10. Bb2 Nc6 11. Rc1 a5 12. b5 Ne5 13. c5 Bxc5 14. Nxd5 exd5 15.
Rxc5 Qd6 16. Qd4 Be6 17. Be2 Rfd8 18. O-O Qe7 19. Rfc1 Nc4 20. Bxc4 dxc4 21.
Qe5 Rac8 22. Rxc8 Rxc8 23. Nf5 Qc5 24. Qxc5 Rxc5 25. Nd4 Nd5 26. Bc3 Nxc3 27.
Rxc3 Bd7 28. a4 Kf8 29. Kf1 Ke7 30. Ke2 Kd6 31. Kd2 Rc8 32. Rc1 Kc5 33. Kc3 Re8
34. Rd1 Bg4 35. Rd2 h5 36. h3 Bc8 37. Ne2 g5 38. Rd4 Be6 39. Ng3 f5 40. Nxh5
Rf8 41. h4 gxh4 42. Rxh4 Bd5 43. Nf4 Rg8 44. Rh5 Bxg2 45. Rxf5+ Kb6 46. Nxg2
Rxg2 47. Kxc4 Rg1 48. Rf6+ Ka7 49. Rf4 1-0

[Event "2.Bundesliga  West 2004/2005"]
[Site "?"]
[Date "2005.03.04"]
[Round "9"]
[White "Ginsburg, Gennadij"]
[Black "Schmidt, Georg"]
[Result "1-0"]
[WhiteElo "2519"]
[BlackElo "2364"]
[PlyCount "91"]
[EventDate "2005.??.??"]

1. e4 e6 2. d4 d5 3. Nd2 Nf6 4. e5 Nfd7 5. Bd3 c5 6. c3 Nc6 7. Ne2 cxd4 8. cxd4
f6 9. exf6 Qxf6 10. O-O Bd6 11. Nf3 h6 12. Ng3 O-O 13. Bc2 Rf7 14. Nh5 Qe7 15.
Bg6 Rxf3 16. Qxf3 Nf8 17. Bb1 Nxd4 18. Qd1 e5 19. Nf4 Qf7 20. a3 exf4 21. Qxd4
b6 22. Ba2 Bb7 23. Bd2 Qh5 24. Bb4 Bc7 25. Rfe1 f3 26. h3 Bd8 27. Re5 Qg6 28.
Bxd5+ Kh7 29. Qg4 Bxd5 30. Rxd5 Qxg4 31. hxg4 Ng6 32. gxf3 Bf6 33. Rb1 Rc8 34.
b3 Rc2 35. Rd2 Rc6 36. Rbd1 a5 37. Bd6 Bg5 38. Rd3 Rc2 39. Bg3 Bf4 40. Re1 Bc1
41. a4 h5 42. gxh5 Nf4 43. Bxf4 Bxf4 44. Re6 Bg5 45. Rxb6 Bf4 46. Rb5 1-0

[Event "2.Bundesliga  West 2004/2005"]
[Site "?"]
[Date "2005.03.04"]
[Round "9"]
[White "Panteleev, Petar"]
[Black "Hugentobler, Patrik"]
[Result "1/2-1/2"]
[WhiteElo "2295"]
[BlackElo "2237"]
[PlyCount "83"]
[EventDate "2005.??.??"]

1. Nf3 Nf6 2. c4 g6 3. Nc3 d5 4. cxd5 Nxd5 5. e4 Nxc3 6. dxc3 Qxd1+ 7. Kxd1 f6
8. Be3 e5 9. Nd2 Be6 10. Bc4 Kf7 11. Bxe6+ Kxe6 12. Nc4 a5 13. a4 Nd7 14. Kc2
Bc5 15. Rhd1 Bxe3 16. Nxe3 Nb6 17. Kb3 Rhd8 18. Nc4 Rxd1 19. Rxd1 Nd7 20. f3 b6
21. Kc2 f5 22. exf5+ gxf5 23. Re1 Kf6 24. Ne3 Ke6 25. Rd1 Nf6 26. g4 fxg4 27.
fxg4 Rg8 28. Rg1 Nd5 29. Kd3 Rd8 30. Nxd5 Kxd5 31. b3 e4+ 32. Ke2 Ke5 33. Rf1
Rd3 34. Rf5+ Ke6 35. Rh5 Rxc3 36. Rxh7 Rxb3 37. g5 Kf5 38. h4 Rb2+ 39. Ke3 Rb3+
40. Ke2 Rb2+ 41. Ke3 Rb3+ 42. Ke2 1/2-1/2

[Event "2.Bundesliga  West 2004/2005"]
[Site "?"]
[Date "2005.03.04"]
[Round "9"]
[White "Maier, Peter"]
[Black "Hamberger, Hermann"]
[Result "1/2-1/2"]
[WhiteElo "2182"]
[BlackElo "2162"]
[PlyCount "38"]
[EventDate "2005.??.??"]

1. d4 Nf6 2. c4 c5 3. d5 e6 4. Nc3 exd5 5. cxd5 Bd6 6. Nf3 Bc7 7. g3 d6 8. Bg2
O-O 9. O-O a6 10. a4 Nbd7 11. Rb1 Rb8 12. Qc2 Re8 13. h3 b5 14. axb5 axb5 15.
b4 Ba6 16. Rd1 Bb6 17. bxc5 Bxc5 18. Nd4 Bxd4 19. Rxd4 Qa5 1/2-1/2

[Event "2.Bundesliga  West 2004/2005"]
[Site "?"]
[Date "2005.03.04"]
[Round "9"]
[White "Doskocil, Klaus"]
[Black "Opl, Klaus"]
[Result "1/2-1/2"]
[WhiteElo "2219"]
[BlackElo "2305"]
[PlyCount "54"]
[EventDate "2005.??.??"]

1. e4 c5 2. Nc3 e6 3. g3 d5 4. d3 Nf6 5. Bg2 dxe4 6. Nxe4 Nxe4 7. Bxe4 Nd7 8.
Ne2 Nf6 9. Bg2 Be7 10. O-O O-O 11. Nc3 Qb6 12. b3 Bd7 13. Bb2 Bc6 14. Ne4 Nxe4
15. dxe4 f5 16. Qe2 Bf6 17. e5 Bxg2 18. Kxg2 Be7 19. f4 c4 20. Qxc4 Rac8 21.
Qe2 Qc6+ 22. Qf3 Qxf3+ 23. Kxf3 Rxc2 24. Rf2 Rfc8 25. Re1 Rxf2+ 26. Kxf2 Rc2+
27. Re2 Rxe2+ 1/2-1/2

[Event "2.Bundesliga  West 2004/2005"]
[Site "?"]
[Date "2005.03.04"]
[Round "9"]
[White "Peterwagner, Heinz"]
[Black "Bezler, Rainer"]
[Result "1/2-1/2"]
[WhiteElo "2214"]
[BlackElo "2242"]
[PlyCount "28"]
[EventDate "2005.??.??"]

1. e4 e5 2. d4 exd4 3. Qxd4 Nc6 4. Qe3 d6 5. Nc3 Nf6 6. Bd2 Be7 7. O-O-O O-O 8.
Nge2 Ne5 9. Nd4 c5 10. Nf5 Bxf5 11. exf5 Qd7 12. Qf4 Nh5 13. Qe4 Nf6 14. Qf4
Nh5 1/2-1/2

[Event "2.Bundesliga  West 2004/2005"]
[Site "?"]
[Date "2005.03.04"]
[Round "9"]
[White "Marchhart, Matthias"]
[Black "Mrsic, Robert"]
[Result "0-1"]
[WhiteElo "2111"]
[BlackElo "2072"]
[PlyCount "51"]
[EventDate "2005.??.??"]

1. e4 e6 2. d4 d5 3. Nc3 dxe4 4. Nxe4 Nd7 5. Nf3 Ngf6 6. Ng3 c5 7. c3 Be7 8.
Be2 O-O 9. O-O Qb6 10. Qc2 Rd8 11. Rd1 Nf8 12. b3 cxd4 13. Nxd4 Bc5 14. Be3 Nd5
15. Qd2 Nxe3 16. Qxe3 Bd7 17. Ne4 Bxd4 18. Qxd4 Qxd4 19. Rxd4 Bc6 20. Nd6 e5
21. Rd2 Ng6 22. Bc4 Rd7 23. Rad1 Kf8 24. f3 Nh4 25. Kf2 Rad8 26. Kg3 0-1

[Event "2.Bundesliga  West 2004/2005"]
[Site "?"]
[Date "2005.03.04"]
[Round "9"]
[White "Kranz, Armin"]
[Black "Mittelberger, Peter"]
[Result "1-0"]
[WhiteElo "2149"]
[BlackElo "2257"]
[PlyCount "79"]
[EventDate "2005.??.??"]

1. d4 d6 2. Nf3 g6 3. g3 Bg7 4. Bg2 Nf6 5. c4 O-O 6. Nc3 Nc6 7. O-O a6 8. b3
Rb8 9. Nd5 Nd7 10. e4 e6 11. Nc3 b5 12. cxb5 axb5 13. Bb2 Nb4 14. Qe2 c6 15.
Rfd1 Qb6 16. Bf1 Na6 17. d5 exd5 18. exd5 Nc7 19. dxc6 Qxc6 20. Nd4 Qa6 21.
Ndxb5 Qa5 22. Nxc7 Bxc3 23. Bxc3 Qxc3 24. Nd5 Qg7 25. Rac1 Bb7 26. Bg2 Rfe8 27.
Qd2 Nc5 28. Re1 Ne6 29. Nc7 Nxc7 30. Rxc7 Rxe1+ 31. Qxe1 Bxg2 32. Kxg2 Qd4 33.
Qc3 Qd5+ 34. Qf3 Qe6 35. h4 h5 36. Qd3 d5 37. Rc5 Rd8 38. b4 d4 39. a4 Qd7 40.
b5 1-0

[Event "2.Bundesliga  West 2004/2005"]
[Site "?"]
[Date "2005.03.04"]
[Round "9"]
[White "Grundherr, Martin"]
[Black "Schmidlechner, Alexander"]
[Result "1/2-1/2"]
[WhiteElo "2315"]
[BlackElo "2212"]
[PlyCount "49"]
[EventDate "2005.??.??"]

1. e4 c6 2. d4 d5 3. e5 g6 4. c4 Bg7 5. Nc3 Be6 6. Qb3 Qd7 7. Nf3 Nh6 8. Ng5
dxc4 9. Bxc4 Bxc4 10. Qxc4 b5 11. Qe2 Qxd4 12. e6 Qe5 13. exf7+ Nxf7 14. Ne6
Qxe2+ 15. Nxe2 Be5 16. Bf4 Na6 17. O-O-O Bd6 18. Rhe1 Kd7 19. Nc3 Rhe8 20. Ne4
Nc7 21. N6c5+ Kc8 22. Bxd6 exd6 23. Rxd6 Rxe4 24. Nxe4 Nxd6 25. Nxd6+ 1/2-1/2

[Event "2.Bundesliga  West 2004/2005"]
[Site "?"]
[Date "2005.03.04"]
[Round "9"]
[White "Eisenbeiser, Amadeus"]
[Black "Blaskowski, Johannes"]
[Result "0-1"]
[WhiteElo "2304"]
[BlackElo "2385"]
[PlyCount "50"]
[EventDate "2005.??.??"]

1. e4 c5 2. Nf3 e6 3. d4 cxd4 4. Nxd4 Nf6 5. Nc3 d6 6. Bc4 Be7 7. Bb3 Nc6 8.
O-O O-O 9. Kh1 Na5 10. f4 Nxb3 11. axb3 a6 12. e5 Ne8 13. Be3 g6 14. Ne4 d5 15.
Ng5 Ng7 16. Qf3 f6 17. exf6 Bxf6 18. Qe2 e5 19. fxe5 Bxg5 20. Rxf8+ Kxf8 21.
Rf1+ Kg8 22. Bxg5 Qxg5 23. e6 Qe7 24. Re1 Bxe6 25. Nxe6 Re8 0-1

[Event "2.Bundesliga  West 2004/2005"]
[Site "?"]
[Date "2005.03.04"]
[Round "9"]
[White "Halasz, Tamas"]
[Black "Dobosz, Henryk"]
[Result "1/2-1/2"]
[WhiteElo "2383"]
[BlackElo "2453"]
[PlyCount "29"]
[EventDate "2005.??.??"]

1. d4 Nf6 2. Nf3 e6 3. c4 d5 4. Nc3 Be7 5. Bg5 O-O 6. e3 Nbd7 7. Rc1 a6 8. cxd5
exd5 9. Bd3 Re8 10. O-O c6 11. Qc2 Nf8 12. Ne5 Ng4 13. Bxe7 Rxe7 14. Nxg4 Bxg4
15. Rce1 1/2-1/2

[Event "2.Bundesliga  West 2004/2005"]
[Site "?"]
[Date "2005.03.04"]
[Round "9"]
[White "Karpatchev, Aleksandr"]
[Black "Bromberger, Stefan"]
[Result "1/2-1/2"]
[WhiteElo "2484"]
[BlackElo "2440"]
[PlyCount "72"]
[EventDate "2005.??.??"]

1. e4 c5 2. c3 Nf6 3. e5 Nd5 4. Nf3 e6 5. d4 cxd4 6. cxd4 b6 7. Nc3 Nxc3 8.
bxc3 Qc7 9. Bd2 Bb7 10. Bd3 d6 11. O-O Nd7 12. Ng5 dxe5 13. Qh5 g6 14. Qh3 Be7
15. Rfe1 h6 16. Rad1 Rc8 17. dxe5 Nc5 18. Bb5+ Kf8 19. Be3 Kg7 20. Nf3 a6 21.
Bf1 b5 22. c4 b4 23. Rd4 Rcd8 24. Red1 Rxd4 25. Rxd4 Ne4 26. Bd3 Nc5 27. Bf1
Ne4 28. Bd3 Ng5 29. Nxg5 hxg5 30. Qg3 Rd8 31. h3 a5 32. Qg4 a4 33. Rxd8 Qxd8
34. Bc2 Bc6 35. Qd4 Qa8 36. Qa7 Qxa7 1/2-1/2

[Event "2.Bundesliga  West 2004/2005"]
[Site "?"]
[Date "2005.03.04"]
[Round "9"]
[White "Schiener, Hartmut"]
[Black "Gerhold, Michael"]
[Result "1/2-1/2"]
[WhiteElo "2219"]
[BlackElo "2203"]
[PlyCount "73"]
[EventDate "2005.??.??"]

1. e4 c5 2. Nf3 Nc6 3. Bb5 g6 4. Bxc6 dxc6 5. d3 Bg7 6. h3 Nf6 7. Nc3 O-O 8.
Be3 b6 9. Qd2 Ne8 10. Bh6 Nc7 11. Bxg7 Kxg7 12. Ne5 f6 13. Ng4 e5 14. Qh6+ Kg8
15. O-O-O Ne6 16. Ne2 Qc7 17. Qh4 Qg7 18. Rhf1 Bd7 19. Qg3 h5 20. Ne3 Nd4 21.
Rde1 Qh6 22. f4 h4 23. Qf2 f5 24. exf5 Bxf5 25. Nxd4 exd4 26. Ng4 Bxg4 27. hxg4
Rae8 28. g5 Qh5 29. Rxe8 Rxe8 30. Re1 Rf8 31. Re6 Qxg5 32. fxg5 Rxf2 33. Rxg6+
Kf7 34. Rh6 Rxg2 35. Rxh4 Rxg5 36. Rh7+ Rg7 37. Rh6 1/2-1/2

[Event "2.Bundesliga  West 2004/2005"]
[Site "?"]
[Date "2005.03.04"]
[Round "9"]
[White "Pilz, Dieter"]
[Black "Lickleder, Andreas"]
[Result "1/2-1/2"]
[WhiteElo "2303"]
[BlackElo "2251"]
[PlyCount "77"]
[EventDate "2005.??.??"]

1. Nf3 c5 2. c4 e6 3. Nc3 Nf6 4. g3 b6 5. Bg2 Bb7 6. O-O d6 7. d4 cxd4 8. Qxd4
a6 9. b3 Nbd7 10. Rd1 Qc7 11. Ba3 Nc5 12. Rac1 Rd8 13. b4 Nce4 14. Nxe4 Bxe4
15. Bb2 Be7 16. Qe3 Qb7 17. Bd4 e5 18. Ba1 O-O 19. Ne1 Bxg2 20. Nxg2 Rfe8 21.
Qb3 b5 22. Ne3 Rb8 23. a3 Bf8 24. Rc2 g6 25. Rcd2 Rbc8 26. cxb5 axb5 27. Nd5
Nxd5 28. Rxd5 Qa6 29. h4 h5 30. Qf3 Rc4 31. Qf6 Qc6 32. Qf3 Rc1 33. Qb3 Rc8 34.
Bb2 Rc2 35. R5d2 Qe4 36. a4 bxa4 37. Qxa4 Rxd2 38. Rxd2 d5 39. Qd7 1/2-1/2

[Event "2.Bundesliga  West 2004/2005"]
[Site "?"]
[Date "2005.03.04"]
[Round "9"]
[White "Ferrari, Josef"]
[Black "Waggerl, Franz"]
[Result "0-1"]
[WhiteElo "2220"]
[BlackElo "2129"]
[PlyCount "61"]
[EventDate "2005.??.??"]

1. d4 f5 2. c4 g6 3. g3 Bg7 4. Bg2 Nc6 5. d5 Ne5 6. Qc2 Nf6 7. Nh3 O-O 8. O-O
h6 9. Nd2 d6 10. Nf4 c6 11. Nf3 Nxf3+ 12. Bxf3 Qe8 13. Bd2 g5 14. Nd3 Ne4 15.
Be3 Qg6 16. Rac1 f4 17. Nxf4 Rxf4 18. Bxf4 Bf5 19. Be3 Nxg3 20. Qb3 Nxf1 21.
Qxb7 Rf8 22. Rxf1 g4 23. Bg2 Be5 24. Qxe7 Qh5 25. f4 gxf3 26. Rxf3 Re8 27. Qxa7
Be4 28. dxc6 Bxc6 29. Rf2 Bxh2+ 30. Kf1 Qg6 31. Bc1 0-1

[Event "2.Bundesliga  West 2004/2005"]
[Site "?"]
[Date "2005.03.04"]
[Round "9"]
[White "Dizdar, Goran"]
[Black "Ivanov, Mikhail"]
[Result "1-0"]
[WhiteElo "2535"]
[BlackElo "2463"]
[PlyCount "65"]
[EventDate "2005.??.??"]

1. d4 d5 2. c4 Nc6 3. cxd5 Qxd5 4. e3 e5 5. Nc3 Bb4 6. Bd2 Bxc3 7. Bxc3 exd4 8.
Ne2 Nf6 9. Nxd4 O-O 10. Nb5 Qg5 11. h4 Qh6 12. Nxc7 Bg4 13. Qd6 Rad8 14. Qg3
Rd7 15. Bc4 Rfd8 16. Nd5 Rxd5 17. Bxd5 Rxd5 18. Bxf6 Qxf6 19. Qxg4 Ne5 20. Qc8+
Rd8 21. Qc2 Nd3+ 22. Kf1 Nxb2 23. Rh3 Nc4 24. Rd1 Rc8 25. Rf3 Qa6 26. Kg1 b5
27. Qf5 f6 28. Rf4 Re8 29. Qd5+ Kf8 30. Qc5+ Kg8 31. Rd7 Qxa2 32. Qd5+ Kh8 33.
Rd8 1-0